[Event "BL 0506 SC Kreuzberg - SK Zehlendorf"]
[Site "?"]
[Date "2006.04.01"]
[Round "14.4"]
[White "Lau, Ralf"]
[Black "Rahls, Peter"]
[Result "1-0"]
[WhiteElo "2467"]
[BlackElo "2334"]
[PlyCount "63"]
[EventDate "2006.??.??"]

1. e4 c5 2. Nf3 e6 3. Nc3 a6 4. d4 cxd4 5. Nxd4 d6 6. f4 Nf6 7. Be2 Nbd7 8. a4
b6 9. O-O Bb7 10. Bf3 Qc7 11. Kh1 Rc8 12. Qe1 h5 13. Be3 Qb8 14. Rd1 Qa8 15. e5
dxe5 16. fxe5 Nxe5 17. Bxb7 Qxb7 18. Nxe6 fxe6 19. Bd4 Neg4 20. Qxe6+ Be7 21.
Bxb6 Kf8 22. Rd7 Qxd7 23. Qxd7 Re8 24. Nd5 Kf7 25. Bc5 Ne5 26. Qb7 Ng6 27. Nxe7
Nxe7 28. Re1 Nfg8 29. Qb3+ Kf8 30. Rf1+ Nf6 31. Qe6 Rh6 32. b4 1-0

[Event "BL 0506 SC Kreuzberg - SK Zehlendorf"]
[Site "?"]
[Date "2006.04.01"]
[Round "14.5"]
[White "Lieb, Harald"]
[Black "Volke, Karsten"]
[Result "0-1"]
[WhiteElo "2235"]
[BlackElo "2477"]
[PlyCount "88"]
[EventDate "2006.??.??"]

1. Nf3 Nf6 2. c4 c5 3. g3 d5 4. cxd5 Nxd5 5. Bg2 Nc6 6. Nc3 Nc7 7. O-O e5 8. d3
Be7 9. Bd2 O-O 10. Rc1 Bd7 11. a3 a5 12. Ne1 Ne6 13. Nc2 Re8 14. Ne3 Rb8 15.
Ned5 Bf8 16. f4 exf4 17. gxf4 f5 18. e4 Ncd4 19. exf5 Nxf5 20. Be4 Ned4 21. Ne3
b5 22. Ng4 b4 23. Ne2 Nxe2+ 24. Qxe2 Nd4 25. Qg2 Bxg4 26. Qxg4 Nb3 27. Be3 Nxc1
28. Rxc1 Qf6 29. axb4 Rxb4 30. Rc2 Rbxe4 31. dxe4 Rxe4 32. Qf3 Qf5 33. Rf2 c4
34. Kg2 a4 35. Bd2 Bc5 36. Rf1 h6 37. Kh1 Bd4 38. Bc1 Kh7 39. Qg2 Re6 40. Rd1
Qd3 41. Qf1 Qe4+ 42. Qg2 Qe1+ 43. Qf1 Qxf1+ 44. Rxf1 Re2 0-1

[Event "BL 0506 SC Kreuzberg - SK Zehlendorf"]
[Site "?"]
[Date "2006.04.01"]
[Round "14.6"]
[White "Tischbierek, Raj"]
[Black "Kalabic, Faris"]
[Result "1-0"]
[WhiteElo "2466"]
[BlackElo "2144"]
[PlyCount "51"]
[EventDate "2006.??.??"]

1. e4 c5 2. Nc3 Nc6 3. Nge2 e5 4. Nd5 Nf6 5. Nec3 Nxd5 6. Nxd5 Ne7 7. Bc4 Nxd5
8. Bxd5 Be7 9. Qh5 O-O 10. Qxe5 d6 11. Qg3 Kh8 12. O-O f5 13. d3 Bh4 14. Qe3 f4
15. Qf3 Bf6 16. Bxf4 Bxb2 17. Rab1 Be5 18. Bg5 Qe8 19. Qe2 Rb8 20. f4 Bd4+ 21.
Kh1 b5 22. Qe1 b4 23. f5 Bd7 24. Qh4 Bf6 25. Rf3 Qe5 26. Qxh7+ 1-0

[Event "BL 0506 SC Kreuzberg - SK Zehlendorf"]
[Site "?"]
[Date "2006.04.01"]
[Round "14.7"]
[White "Brustkern, Juergen"]
[Black "Loeffler, Stefan"]
[Result "0-1"]
[WhiteElo "2250"]
[BlackElo "2438"]
[PlyCount "144"]
[EventDate "2006.??.??"]

1. e4 Nf6 2. Nc3 e5 3. Nf3 Bb4 4. Nxe5 O-O 5. Be2 Re8 6. Nd3 Bxc3 7. dxc3 Nxe4
8. O-O d5 9. Nf4 c6 10. Qd4 Nd6 11. Nh5 Nf5 12. Qd1 Nd7 13. b3 Nc5 14. Bb2 Qg5
15. Re1 Nh4 16. Ng3 Bf5 17. Bc1 Qg6 18. Be3 Rxe3 19. fxe3 Ne4 20. Bf3 Nxg3 21.
hxg3 Qxg3 22. Rf1 Bg4 23. Qe1 Nxf3+ 24. Rxf3 Qxe1+ 25. Rxe1 Bxf3 26. gxf3 Kf8
27. Rd1 Ke7 28. Rd4 Rd8 29. Kf2 Rd6 30. Rh4 Rh6 31. Ra4 a6 32. Kg2 g5 33. Rd4
Rd6 34. c4 f5 35. c5 Re6 36. Rb4 Rxe3 37. Rxb7+ Kd8 38. Rxh7 Rc3 39. Rg7 Rxc5
40. c4 dxc4 41. bxc4 f4 42. Kh3 Ra5 43. a4 Rc5 44. Kg4 Rxc4 45. a5 Ra4 46. Rxg5
Kd7 47. Rf5 Ke6 48. Rh5 {(=)} Kd6 49. Rf5 Ke6 50. Rh5 Rd4 51. Rf5 Rd5 52. Rxf4
Rxa5 53. Rf8 Ra1 54. Kf4 Kd5 55. Ke3 Kc4 56. Kd2 c5 57. f4 Ra2+ 58. Kc1 Kc3 59.
Kb1 Rb2+ 60. Ka1 Kc2 61. Rf6 c4 62. Rxa6 Rb5 63. Ra2+ Kc1 64. Rf2 c3 65. f5 c2
66. Ka2 Ra5+ 67. Kb3 Rb5+ 68. Kc4 Ra5 69. Kb4 Rd5 70. Kc4 Rd2 71. Rf1+ Rd1 72.
Rf2 Kb1 0-1

[Event "BL 0506 SF Berlin - SC Leipzig-Gohlis"]
[Site "?"]
[Date "2006.04.01"]
[Round "14.1"]
[White "Vogt, Lothar"]
[Black "Polzin, Rainer"]
[Result "1/2-1/2"]
[WhiteElo "2484"]
[BlackElo "2514"]
[PlyCount "138"]
[EventDate "2006.??.??"]

1. Nf3 Nf6 2. c4 g6 3. d4 Bg7 4. g3 O-O 5. Bg2 d6 6. O-O Nbd7 7. Nc3 e5 8. h3
a6 9. dxe5 dxe5 10. Be3 c6 11. c5 Qe7 12. b4 Ne8 13. Qb3 Kh8 14. Rad1 Nc7 15.
Bg5 f6 16. Bc1 f5 17. e4 f4 18. g4 Nf6 19. Qc2 Nfe8 20. Bb2 Ne6 21. Na4 Ng5 22.
Nb6 Nxf3+ 23. Bxf3 Rb8 24. Nxc8 Rxc8 25. Kg2 Nc7 26. Rfe1 {(=)} Ne6 27. Rd6 Ng5
28. Qd3 Rc7 29. Rd1 Kg8 30. Rd7 Rxd7 31. Qxd7 Rf7 32. Qd8+ Bf8 33. Qb8 Nxf3 34.
Kxf3 Qh4 35. Rh1 Re7 36. Bxe5 h5 37. Bxf4 hxg4+ 38. Kg2 Rxe4 39. Bd6 Qf6 40.
hxg4 Rxg4+ 41. Bg3 Rxb4 42. Rd1 Qf5 43. Qe8 Qe4+ 44. Qxe4 Rxe4 45. Rb1 Re7 46.
Bd6 Rd7 47. Bxf8 Kxf8 48. Kf3 Kf7 49. Kg4 Kf6 50. f4 a5 51. a4 Rd4 52. Rxb7 g5
53. Rb6 Rxf4+ 54. Kg3 Rxa4 55. Rxc6+ Kf5 56. Rd6 Ra3+ 57. Kf2 Rc3 58. Rd5+ Kf4
59. c6 Rc2+ 60. Kg1 a4 61. Rd4+ Kg3 62. Rd3+ Kh4 63. Rd4+ g4 64. Rxa4 Kh3 65.
Ra3+ g3 66. Ra1 Rxc6 67. Rb1 Rc2 68. Ra1 Rg2+ 69. Kh1 Rc2 1/2-1/2

[Event "BL 0506 SF Berlin - SC Leipzig-Gohlis"]
[Site "?"]
[Date "2006.04.01"]
[Round "14.2"]
[White "Berndt, Stefan"]
[Black "Roos, Michael"]
[Result "1-0"]
[WhiteElo "2447"]
[BlackElo "2371"]
[PlyCount "79"]
[EventDate "2006.??.??"]

1. e4 c6 2. d4 d5 3. exd5 cxd5 4. c4 Nf6 5. Nc3 g6 6. Qb3 Bg7 7. cxd5 O-O 8.
Be2 Na6 9. Bf3 Qb6 10. Nge2 Qxb3 11. axb3 Nb4 12. O-O Rd8 13. d6 Rxd6 14. Bf4
Rd7 15. Be5 Nfd5 16. Ra5 Nxc3 17. bxc3 Nc6 18. Bxc6 bxc6 19. Bxg7 Kxg7 20. Rfa1
Rb8 21. b4 a6 22. Nf4 Rb5 23. f3 e5 24. dxe5 Rd2 25. R5a2 Rxa2 26. Rxa2 Rxe5
27. Kf2 Rf5 28. Nd3 Be6 29. Ra5 Rxa5 30. bxa5 Bc4 31. Nb2 Bb3 32. Ke3 Kf6 33.
Kd4 Ke7 34. Nd3 Bd1 35. Nb4 Be2 36. Kc5 h5 37. Kb6 h4 38. f4 f5 39. Nxa6 g5 40.
g3 1-0

[Event "BL 0506 SF Berlin - SC Leipzig-Gohlis"]
[Site "?"]
[Date "2006.04.01"]
[Round "14.3"]
[White "Roeber, Bjoern"]
[Black "Borriss, Martin Dr"]
[Result "1/2-1/2"]
[WhiteElo "2310"]
[BlackElo "2424"]
[PlyCount "83"]
[EventDate "2006.??.??"]

1. d4 Nf6 2. c4 g6 3. Nf3 Bg7 4. g3 O-O 5. Bg2 d6 6. O-O Nc6 7. Nbd2 e5 8. d5
Ne7 9. Ne1 Nd7 10. Nd3 f5 11. e4 c6 12. f3 a5 13. Nb1 Qb6+ 14. Kh1 Qd4 15. Na3
fxe4 16. fxe4 Rxf1+ 17. Qxf1 Nf6 18. Nf2 Ng4 19. Nxg4 Bxg4 20. Nc2 Qb6 21. b3
Rf8 22. Qd3 c5 23. a4 Kh8 24. Be3 Ng8 25. Rf1 Rxf1+ 26. Bxf1 Bh6 27. Bxh6 Nxh6
28. Qe3 Kg7 29. Na3 Qb4 30. Nc2 Qb6 31. Na3 Nf7 32. Bg2 Qd8 33. h3 Bd7 34. Kh2
Qf6 35. Nc2 b6 36. Qf3 h5 37. Qxf6+ Kxf6 38. Ne1 Ng5 39. h4 Nf7 40. Bh3 Bxh3
41. Kxh3 g5 42. Kg2 1/2-1/2

[Event "BL 0506 SF Berlin - SC Leipzig-Gohlis"]
[Site "?"]
[Date "2006.04.01"]
[Round "14.5"]
[White "Quast, Michael"]
[Black "Poldauf, Dirk"]
[Result "0-1"]
[WhiteElo "2281"]
[BlackElo "2417"]
[PlyCount "132"]
[EventDate "2006.??.??"]

1. e4 e6 2. d4 d5 3. Nc3 Bb4 4. e5 c5 5. Bd2 Ne7 6. Nf3 Nbc6 7. a3 Bxc3 8. Bxc3
cxd4 9. Nxd4 Nxe5 10. Nxe6 Bxe6 11. Bxe5 O-O 12. Be2 Nc6 13. Bd4 Bf5 14. Bc5
Re8 15. O-O d4 16. Bb5 Re5 17. b4 Rc8 18. Bxc6 Rxc6 19. Qxd4 Rd5 20. Qf4 Bxc2
21. Rfe1 b6 22. Be3 Ba4 23. h3 h6 24. Rac1 Rdd6 25. Rxc6 Bxc6 26. Rc1 Rg6 27.
f3 Qd5 28. Bf2 Qxf3 29. Qxf3 Bxf3 30. g3 Rd6 31. a4 f5 32. a5 Kf7 33. Be3 Kf6
34. Kf2 Be4 35. h4 g5 36. hxg5+ hxg5 37. Rc7 bxa5 38. bxa5 a6 39. Rc8 Rd3 40.
Rb8 Kg6 41. Rg8+ Kf6 42. Rb8 Ra3 43. Rb6+ Ke5 44. Rxa6 Ra2+ 45. Kg1 Rg2+ 46.
Kf1 Rxg3 47. Bb6 Rc3 48. Ra7 Kf4 49. Rg7 Ra3 50. Kf2 Ra2+ 51. Ke1 g4 52. Rg8
Kf3 53. Bc7 Ra4 54. Rg7 f4 55. Rf7 Bd3 56. Kd2 Bf1 57. Ke1 Ba6 58. Rf6 Bb7 59.
Rb6 Bd5 60. Rd6 Ke4 61. Rf6 Ra1+ 62. Kd2 Ra2+ 63. Ke1 f3 64. Rf8 Rc2 65. Bg3
Re2+ 66. Kd1 Rg2 0-1

[Event "BL 0506 SF Berlin - SC Leipzig-Gohlis"]
[Site "?"]
[Date "2006.04.01"]
[Round "14.6"]
[White "Thiede, Lars"]
[Black "Fischer, Johannes"]
[Result "1-0"]
[WhiteElo "2417"]
[BlackElo "2285"]
[PlyCount "57"]
[EventDate "2006.??.??"]

1. g3 e5 2. c4 Nf6 3. Bg2 d5 4. cxd5 Nxd5 5. Nf3 Nc6 6. O-O Nb6 7. d3 Be7 8.
Nbd2 Be6 9. a3 a5 10. b3 O-O 11. Bb2 f6 12. Rc1 Rf7 13. Qc2 Qf8 14. Ra1 g5 15.
h3 Rd8 16. e3 h5 17. d4 g4 18. hxg4 hxg4 19. Ng5 fxg5 20. Qg6+ Qg7 21. Qxe6
exd4 22. Qxg4 Ne5 23. Qe4 c5 24. exd4 cxd4 25. Bxd4 Bf6 26. Bxb6 Rxd2 27. Rad1
Rfd7 28. Rxd2 Rxd2 29. Bxa5 1-0

[Event "BL 0506 SF Berlin - SC Leipzig-Gohlis"]
[Site "?"]
[Date "2006.04.01"]
[Round "14.7"]
[White "Hoffmann, Hendrick"]
[Black "Thinius, Marco"]
[Result "0-1"]
[WhiteElo "2284"]
[BlackElo "2354"]
[PlyCount "80"]
[EventDate "2006.??.??"]

1. e4 e5 2. Nf3 Nc6 3. Nc3 Nf6 4. d4 exd4 5. Nd5 Nb4 6. Nxd4 Nxe4 7. Bc4 c6 8.
Nxb4 Bxb4+ 9. c3 d5 10. cxb4 dxc4 11. O-O O-O 12. Be3 Qf6 13. Rc1 Nd6 14. Re1
a5 15. Qd2 axb4 16. Bg5 Qg6 17. Be7 Bh3 18. f3 Rfe8 19. Bxd6 Rxe1+ 20. Rxe1
Qxd6 21. gxh3 c5 22. Nb3 Qg6+ 23. Kf2 cxb3 24. axb3 Qf6 25. Qd7 g6 26. Re2 b6
27. Rd2 Kg7 28. Qd6 Re8 29. Qxf6+ Kxf6 30. Rd6+ Re6 31. Rd7 h5 32. h4 Rc6 33.
Ke3 Ke6 34. Rb7 Rd6 35. f4 f6 36. Rg7 Kf5 37. Rg8 Rd4 38. Rb8 Rxf4 39. Rxb6
Rxh4 40. Rc6 Rh3+ 0-1

[Event "BL 0506 SF Berlin - SC Leipzig-Gohlis"]
[Site "?"]
[Date "2006.04.01"]
[Round "14.8"]
[White "Rudolf, Henrik"]
[Black "Rausch, Stephan"]
[Result "1-0"]
[WhiteElo "2329"]
[BlackElo "2343"]
[PlyCount "31"]
[EventDate "2006.??.??"]

1. e4 e6 2. d4 d5 3. Bd3 dxe4 4. Bxe4 Nf6 5. Bf3 c5 6. Ne2 Nc6 7. Be3 Qb6 8.
Nbc3 cxd4 9. Nxd4 Bc5 10. Bxc6+ bxc6 11. O-O Nd5 12. Na4 Nxe3 13. fxe3 Qa5 14.
Qh5 g6 15. Qxc5 Qxa4 16. Nxc6 1-0

[Event "BL 0506 SF Berlin - SG Kirchheim"]
[Site "Heidelberg"]
[Date "2006.03.12"]
[Round "13.2"]
[White "Polzin, Rainer"]
[Black "Bokros, Albert"]
[Result "1/2-1/2"]
[WhiteElo "2514"]
[BlackElo "2446"]
[PlyCount "59"]
[EventDate "2006.??.??"]

1. e4 c5 2. Nf3 e6 3. d4 cxd4 4. Nxd4 Nf6 5. Nc3 Nc6 6. Be2 Bb4 7. O-O Bxc3 8.
bxc3 Nxe4 9. Bd3 Nc5 10. Qg4 Kf8 11. Nxc6 bxc6 12. Ba3 d6 13. Qg3 Qe7 14. Rab1
g6 15. Bxc5 dxc5 16. Be4 Ba6 17. Rfd1 Kg7 18. Qe5+ f6 19. Qd6 Qxd6 20. Rxd6
Rab8 21. Rxb8 Rxb8 22. f3 f5 23. Rxc6 Rb6 24. Rc7+ Kf6 25. Bd3 Bxd3 26. cxd3
Ra6 27. Rxc5 Rxa2 28. d4 h6 29. Rc6 Kf7 30. c4 1/2-1/2

[Event "BL 0506 SF Berlin - SG Kirchheim"]
[Site "Heidelberg"]
[Date "2006.03.12"]
[Round "13.5"]
[White "Beckhuis, Gernod"]
[Black "Poldauf, Dirk"]
[Result "1/2-1/2"]
[WhiteElo "2324"]
[BlackElo "2417"]
[PlyCount "134"]
[EventDate "2006.??.??"]

1. d4 Nf6 2. c4 g6 3. Nc3 Bg7 4. e4 d6 5. Nf3 O-O 6. Be2 e5 7. O-O Na6 8. Be3
Ng4 9. Bg5 f6 10. Bc1 c6 11. c5 exd4 12. Bxa6 dxc3 13. Bc4+ Kh8 14. cxd6 cxb2
15. Bxb2 Ne5 16. Nxe5 fxe5 17. Qd2 g5 18. Bc3 b5 19. Bb3 a5 20. a4 b4 21. Bb2
Bd7 22. Rac1 Qf6 23. Rc5 Rfe8 24. Rd1 h6 25. Qd3 Qg6 26. Bc4 Ra7 27. Ba6 Rea8
28. Rxa5 c5 29. Rc1 c4 30. Qxc4 Qxd6 31. Rd5 Qe7 32. Bb5 Be6 33. Qc6 Bxd5 34.
exd5 Rd8 35. Qc4 e4 36. Bxg7+ Kxg7 37. Qd4+ Kg8 38. Bc6 Rd6 39. Re1 b3 40. Rxe4
Qg7 41. Qxg7+ Kxg7 42. Rb4 Kf6 43. Rxb3 Ke5 44. g3 Rf6 45. Ra3 Ra5 46. Kg2 Kd6
47. Ra2 Kc5 48. h3 Kd6 49. Ra3 Rc5 50. Rf3 Rxf3 51. Kxf3 Rc2 52. Ke3 Ra2 53.
Kf3 h5 54. h4 Ra3+ 55. Kg2 gxh4 56. gxh4 Ke5 57. f3 Ra2+ 58. Kg3 Ra3 59. Kg2
Ra2+ 60. Kg3 Ra3 61. Be8 Kxd5 62. Kf4 Ke6 63. Bxh5 Rxa4+ 64. Kg5 Ke7 65. Bg6
Ra3 66. f4 Rf3 67. h5 Rxf4 1/2-1/2

[Event "BL 0506 SF Berlin - SG Kirchheim"]
[Site "Heidelberg"]
[Date "2006.03.12"]
[Round "13.6"]
[White "Thiede, Lars"]
[Black "Rudolph, Johannes"]
[Result "1/2-1/2"]
[WhiteElo "2417"]
[BlackElo "2314"]
[PlyCount "63"]
[EventDate "2006.??.??"]

1. g3 d5 2. Bg2 c6 3. d3 Nf6 4. b3 a5 5. a3 g6 6. Bb2 Bg7 7. Nf3 O-O 8. O-O
Nbd7 9. Nbd2 Re8 10. e4 Nxe4 11. Bxg7 Nxd2 12. Qxd2 Kxg7 13. d4 e5 14. dxe5
Nxe5 15. Nxe5 Rxe5 16. c4 d4 17. Qf4 Qd6 18. Rad1 c5 19. b4 axb4 20. axb4 Qf6
21. Qxf6+ Kxf6 22. bxc5 Rxc5 23. Rxd4 Ra4 24. Rf4+ Rf5 25. Rh4 Kg7 26. Bd5 g5
27. Rd4 b5 28. f4 h6 29. Rfd1 bxc4 30. Bxc4 gxf4 31. gxf4 Rc5 32. Be2 1/2-1/2

[Event "BL 0506 SF Berlin - SG Kirchheim"]
[Site "Heidelberg"]
[Date "2006.03.12"]
[Round "13.7"]
[White "Zuse, Klaus-Peter"]
[Black "Thinius, Marco"]
[Result "0-1"]
[WhiteElo "2333"]
[BlackElo "2354"]
[PlyCount "84"]
[EventDate "2006.??.??"]

1. e4 b6 2. d4 Bb7 3. Bd3 Nf6 4. Nd2 e6 5. Ngf3 c5 6. e5 Nd5 7. O-O Nc6 8. dxc5
bxc5 9. Nc4 Be7 10. Re1 Na5 11. Nxa5 Qxa5 12. a3 Qc7 13. c4 Nb6 14. Bf4 f5 15.
h4 O-O 16. Bg5 Qd8 17. Bxe7 Qxe7 18. h5 g5 19. hxg6 hxg6 20. Qd2 Kg7 21. Qg5
Qf7 22. Qf4 Rh8 23. Nd2 Qe7 24. Qg3 Rh4 25. f3 Rah8 26. Kf1 R8h5 27. Ke2 Rg5
28. Qf2 Rh2 29. Rg1 f4 30. Rae1 Rxe5+ 31. Kd1 Rg5 32. Ne4 Bxe4 33. Rxe4 d5 34.
cxd5 Nxd5 35. Kc1 Qd6 36. Qe1 Ne3 37. Qc3+ Kh7 38. g4 Rd5 39. Ra4 Qd7 40. Rxf4
Rxd3 41. Rf7+ Qxf7 42. Qxd3 Qg7 0-1

[Event "BL 0506 SC Kreuzberg - OSC Baden Baden"]
[Site "Heidelberg"]
[Date "2006.03.12"]
[Round "13.1"]
[White "Anand, Viswanathan"]
[Black "Almasi, Zoltan"]
[Result "1/2-1/2"]
[WhiteElo "2788"]
[BlackElo "2619"]
[PlyCount "85"]
[EventDate "2006.??.??"]

1. e4 e5 2. Nf3 Nc6 3. Bb5 Nf6 4. O-O Nxe4 5. d4 Nd6 6. Bxc6 dxc6 7. dxe5 Nf5
8. Qxd8+ Kxd8 9. Nc3 Ne7 10. Bg5 Ke8 11. Nd4 Nf5 12. Nde2 Be7 13. Bxe7 Kxe7 14.
h3 h5 15. Rad1 Be6 16. Nf4 h4 17. Ne4 Rhd8 18. Ng5 c5 19. Nfxe6 fxe6 20. c3 c4
21. Nf3 a5 22. Rde1 a4 23. a3 Rd3 24. Re4 b5 25. Rfe1 Rad8 26. Kf1 c5 27. Ke2
R8d5 28. Rc1 Kf7 29. Rc2 Rd1 30. Nxh4 Nxh4 31. Rxh4 Rg1 32. Rf4+ Ke7 33. Rg4
Rxe5+ 34. Kf3 Kf6 35. h4 Rd1 36. Rf4+ Ke7 37. Re4 Rd3+ 38. Kf4 Rxe4+ 39. Kxe4
Kf6 40. Re2 Rd1 41. g3 g6 42. f3 Rd3 43. g4 1/2-1/2

[Event "BL 0506 SC Kreuzberg - OSC Baden Baden"]
[Site "Heidelberg"]
[Date "2006.03.12"]
[Round "13.2"]
[White "Socko, Bartosz"]
[Black "Shirov, Alexei"]
[Result "1/2-1/2"]
[WhiteElo "2615"]
[BlackElo "2705"]
[PlyCount "92"]
[EventDate "2006.??.??"]

1. e4 c5 2. Nf3 d6 3. d4 cxd4 4. Nxd4 Nf6 5. Nc3 a6 6. Be3 Ng4 7. Bg5 h6 8. Bh4
g5 9. Bg3 Bg7 10. Be2 h5 11. Bxg4 hxg4 12. Qd2 Bxd4 13. Qxd4 f6 14. Nd5 Nc6 15.
Qb6 Qxb6 16. Nxb6 Rb8 17. c4 Be6 18. c5 Rd8 19. cxd6 exd6 20. Ke2 f5 21. exf5
Nd4+ 22. Kd3 Nxf5 23. Rhe1 Kf7 24. a4 Rde8 25. Rac1 Re7 26. Kd2 Nd4 27. Rc3
Nb3+ 28. Kd1 Nc5 29. Ree3 a5 30. Ke2 Rd8 31. f4 gxf3+ 32. gxf3 g4 33. Bh4 Rh8
34. Bxe7 Rxh2+ 35. Kf1 Kxe7 36. fxg4 Rxb2 37. Nd5+ Kf7 38. Rf3+ Kg7 39. Nf4
Rb1+ 40. Kg2 Bd7 41. Nh5+ Kh6 42. Rf6+ Kg5 43. Rxd6 Rb2+ 44. Kg1 Rb1+ 45. Kh2
Rb2+ 46. Kg1 Rb1+ 1/2-1/2

[Event "BL 0506 SC Kreuzberg - OSC Baden Baden"]
[Site "Heidelberg"]
[Date "2006.03.12"]
[Round "13.4"]
[White "Maiwald, Jens-Uwe"]
[Black "Movsesian, Sergei"]
[Result "0-1"]
[WhiteElo "2505"]
[BlackElo "2645"]
[PlyCount "68"]
[EventDate "2006.??.??"]

1. e4 c5 2. d3 Nc6 3. g3 Nf6 4. Bg2 d5 5. Nd2 g6 6. Ngf3 Bg7 7. O-O O-O 8. c3
e5 9. Re1 h6 10. exd5 Nxd5 11. Nc4 Re8 12. Qb3 Nb6 13. Nfd2 Be6 14. Qc2 f5 15.
Bxc6 Bxc4 16. Nxc4 bxc6 17. Qb3 Kh7 18. Be3 Qd5 19. Na5 Nd7 20. Qa4 Rec8 21.
Rad1 Bf8 22. Nc4 g5 23. Bc1 Bg7 24. b3 g4 25. Qa6 Rc7 26. d4 cxd4 27. cxd4 exd4
28. Bf4 Nc5 29. Qa3 Rd7 30. Ne3 Qf3 31. Qxc5 dxe3 32. Rxd7 Qxf2+ 33. Kh1 Qxe1+
34. Kg2 Qf2+ 0-1

[Event "BL 0506 SC Kreuzberg - OSC Baden Baden"]
[Site "Heidelberg"]
[Date "2006.??.??"]
[Round "13.5"]
[White "Dautov, Rustem"]
[Black "Kalinitschew, Sergey"]
[Result "1/2-1/2"]
[WhiteElo "2595"]
[BlackElo "2478"]
[PlyCount "101"]
[EventDate "2006.??.??"]

1. d4 Nf6 2. c4 g6 3. g3 c5 4. Nf3 Nc6 5. Bg2 d6 6. O-O cxd4 7. Nxd4 Bd7 8. Nc3
Bg7 9. Nc2 h5 10. h4 O-O 11. Bg5 Ne5 12. b3 Bc6 13. Qd2 Qd7 14. Rac1 Rfc8 15.
Rfd1 Qd8 16. Nb4 Bxg2 17. Kxg2 Nh7 18. Bh6 Bh8 19. f3 Rab8 20. Nbd5 b6 21. Be3
Rb7 22. Bd4 Nf8 23. f4 Ng4 24. Bxh8 Kxh8 25. Ne3 Nxe3+ 26. Qxe3 Qd7 27. Nd5 Nh7
28. Qd4+ Kg8 29. e4 Qc6 30. Kh2 Rd7 31. f5 e6 32. fxe6 fxe6 33. Nf6+ Nxf6 34.
Qxf6 Qxe4 35. Re1 Qf5 36. Qxe6+ Qxe6 37. Rxe6 Kf7 38. Re2 Rc5 39. Rf1+ Kg7 40.
Rd1 b5 41. cxb5 Rxb5 42. Kg2 Rf5 43. Re6 Rc5 44. Rd2 Kf7 45. Re4 d5 46. Rf4+
Kg7 47. b4 Rc3 48. a4 a6 49. Rfd4 Rb7 50. b5 axb5 51. Rb4 1/2-1/2

[Event "BL 0506 SC Kreuzberg - OSC Baden Baden"]
[Site "Heidelberg"]
[Date "2006.03.12"]
[Round "13.6"]
[White "Lau, Ralf"]
[Black "Schlosser, Philipp"]
[Result "1/2-1/2"]
[WhiteElo "2467"]
[BlackElo "2554"]
[PlyCount "42"]
[EventDate "2006.??.??"]

1. e4 c5 2. Nf3 d6 3. d4 Nf6 4. Nc3 cxd4 5. Nxd4 a6 6. Be2 e6 7. O-O Be7 8. f4
O-O 9. Kh1 Qc7 10. Bf3 Nc6 11. g4 Nxd4 12. Qxd4 Nd7 13. a4 b6 14. g5 Bb7 15. f5
Qc5 16. Qxc5 bxc5 17. Bg2 Rfe8 18. Bf4 Rad8 19. Rad1 Nb8 20. h4 Nc6 21. Rd2 Bf8
1/2-1/2

[Event "BL 0506 SC Kreuzberg - OSC Baden Baden"]
[Site "Heidelberg"]
[Date "2006.03.12"]
[Round "13.7"]
[White "Buhmann, Rainer"]
[Black "Volke, Karsten"]
[Result "1/2-1/2"]
[WhiteElo "2549"]
[BlackElo "2477"]
[PlyCount "107"]
[EventDate "2006.??.??"]

1. Nf3 Nf6 2. c4 e6 3. g3 b6 4. Bg2 Bb7 5. O-O c5 6. Nc3 Be7 7. Re1 d6 8. e4
Nbd7 9. d4 cxd4 10. Nxd4 Qc7 11. Nd5 exd5 12. exd5 Ne5 13. Nf5 O-O 14. Nxe7+
Qxe7 15. f4 Nfd7 16. b3 f6 17. fxe5 fxe5 18. Be3 Nf6 19. a4 Bc8 20. a5 Rb8 21.
axb6 axb6 22. Qd2 h6 23. Rf1 Bg4 24. b4 Rbc8 25. h3 Bh5 26. Rac1 Nd7 27. Rxf8+
Rxf8 28. c5 bxc5 29. bxc5 dxc5 30. d6 Qe8 31. Bxc5 Bf3 32. Bxf3 Rxf3 33. Qd5+
Qf7 34. Qa8+ Qf8 35. Qxf8+ Kxf8 36. Kg2 Rd3 37. Bb4 Rd4 38. Rc7 Ke8 39. Rb7 Rd3
40. h4 h5 41. Kf2 Rb3 42. Kg2 e4 43. Kf2 Rf3+ 44. Kg2 Rb3 45. Kf2 g6 46. Kg2
Rb2+ 47. Kf1 e3 48. Ke1 Rg2 49. Ra7 Rxg3 50. Ke2 Rg4 51. Be1 Rd4 52. Bg3 Rg4
53. Be1 Rd4 54. Bg3 1/2-1/2

[Event "BL 0506 SC Kreuzberg - OSC Baden Baden"]
[Site "Heidelberg"]
[Date "2006.03.12"]
[Round "13.8"]
[White "Loeffler, Stefan"]
[Black "Doettling, Fabian"]
[Result "1/2-1/2"]
[WhiteElo "2438"]
[BlackElo "2542"]
[PlyCount "58"]
[EventDate "2006.??.??"]

1. Nf3 d5 2. c4 e6 3. d4 Nf6 4. Bg5 h6 5. Bxf6 Qxf6 6. g3 Nd7 7. Bg2 c6 8. O-O
g6 9. Nbd2 Bg7 10. e4 O-O 11. Re1 Qd8 12. e5 c5 13. Rc1 cxd4 14. cxd5 exd5 15.
Nb3 Re8 16. Qxd4 Nb8 17. Qf4 g5 18. Qa4 Nc6 19. Nbd4 Nxe5 20. Nxe5 Rxe5 21.
Rxe5 Bxe5 22. Re1 Bd7 23. Qb4 Bf6 24. Bxd5 Qb6 25. Nc2 Qxb4 26. Nxb4 Re8 27.
Rxe8+ Bxe8 28. Bxb7 Bxb2 29. Nc6 Bxc6 1/2-1/2

[Event "BL 0506 SV Wattenscheid - SK Zehlendorf"]
[Site "?"]
[Date "2006.03.12"]
[Round "13.1"]
[White "Richter, Michael"]
[Black "Macieja, Bartlomiej"]
[Result "0-1"]
[WhiteElo "2407"]
[BlackElo "2592"]
[PlyCount "80"]
[EventDate "2006.??.??"]

1. d4 e6 2. e4 d5 3. Nc3 Bb4 4. e5 c5 5. a3 Bxc3+ 6. bxc3 Ne7 7. Qg4 Kf8 8. Nf3
Qa5 9. Bd2 Qa4 10. Kd1 b6 11. h4 h6 12. h5 Ba6 13. Bxa6 Nxa6 14. Rh3 Rg8 15.
Nh4 cxd4 16. Rf3 Ke8 17. Qf4 Rf8 18. cxd4 Rc8 19. Rc1 Rc4 20. Be3 Nc5 21. dxc5
Rxf4 22. Rxf4 Qxa3 23. cxb6 axb6 24. Rb1 g5 25. hxg6 fxg6 26. Rfb4 g5 27. Nf3
Nc8 28. Nd4 Kd7 29. Nb5 Qa8 30. Nc3 Qb8 31. Na4 Qxe5 32. Nxb6+ Nxb6 33. Rxb6
Rc8 34. Rb7+ Rc7 35. Rb8 Qe4 36. R1b2 d4 37. Bd2 Qxg2 38. Rh8 Qh1+ 39. Be1 Qf3+
40. Kc1 Qf6 0-1

[Event "BL 0506 SV Wattenscheid - SK Zehlendorf"]
[Site "?"]
[Date "2006.03.12"]
[Round "13.2"]
[White "Rustemov, Alexander"]
[Black "Maksimenko, Andrei"]
[Result "1/2-1/2"]
[WhiteElo "2564"]
[BlackElo "2501"]
[PlyCount "24"]
[EventDate "2006.??.??"]

1. d4 Nf6 2. Nf3 d5 3. c4 e6 4. g3 Bb4+ 5. Bd2 Be7 6. Bg2 Nbd7 7. Qc2 c5 8.
dxc5 Nxc5 9. O-O Bd7 10. Ne5 Rc8 11. Nxd7 Ncxd7 12. b3 O-O 1/2-1/2

[Event "BL 0506 SV Wattenscheid - SK Zehlendorf"]
[Site "?"]
[Date "2006.03.12"]
[Round "13.3"]
[White "Werner, Dimo"]
[Black "Johannessen, Leif Erlend"]
[Result "0-1"]
[WhiteElo "2376"]
[BlackElo "2564"]
[PlyCount "58"]
[EventDate "2006.??.??"]

1. d4 Nf6 2. Nf3 e6 3. c4 b6 4. a3 Bb7 5. Nc3 d5 6. Bg5 Be7 7. e3 O-O 8. Bxf6
Bxf6 9. cxd5 exd5 10. Qb3 Re8 11. Rd1 c6 12. Bd3 Nd7 13. O-O Nf8 14. e4 Ne6 15.
exd5 cxd5 16. Bb1 Rc8 17. Qc2 g6 18. Qd2 Qd6 19. Ba2 a6 20. g3 b5 21. Ne2 a5
22. Qxa5 Ng5 23. Nxg5 Rxe2 24. Qxb5 Ba6 25. Nxf7 Kxf7 26. Qxd5+ Qxd5 27. Bxd5+
Kg7 28. b4 Rb2 29. Rfe1 Rcc2 0-1

[Event "BL 0506 SV Wattenscheid - SK Zehlendorf"]
[Site "?"]
[Date "2006.03.12"]
[Round "13.4"]
[White "Holzke, Frank Dr"]
[Black "Janz, Frerik"]
[Result "1-0"]
[WhiteElo "2479"]
[BlackElo "2355"]
[PlyCount "133"]
[EventDate "2006.??.??"]

1. e4 d6 2. d4 Nf6 3. Nc3 g6 4. Be3 c6 5. Qd2 Nbd7 6. Bd3 e5 7. Nf3 Ng4 8. Bg5
Be7 9. h3 Bxg5 10. Nxg5 Ngf6 11. dxe5 dxe5 12. f4 exf4 13. Qxf4 Qe7 14. Rf1 O-O
15. Nf3 Kg7 16. O-O-O Nc5 17. g4 Be6 18. Nd4 Rad8 19. Qe5 h6 20. Nf5+ gxf5 21.
gxf5 Nxd3+ 22. cxd3 Kh7 23. fxe6 fxe6 24. Kb1 Rde8 25. Qd4 c5 26. Qa4 Nd7 27.
Qxa7 Rxf1 28. Rxf1 Ne5 29. d4 cxd4 30. Qxd4 Nc6 31. Qf2 Ne5 32. a3 Rd8 33. Ka2
Rd7 34. Rg1 Rd8 35. Qf4 Ng6 36. Qg3 Rg8 37. e5 Qc5 38. Re1 Qc4+ 39. Ka1 Qh4 40.
Qxh4 Nxh4 41. Ne4 Rc8 42. Nd6 Rc7 43. Rf1 Ng6 44. b4 Nxe5 45. Re1 Nd3 46. Rxe6
Nf4 47. Re3 Rd7 48. Ne4 Kg6 49. Nc5 Rd1+ 50. Kb2 b5 51. Ne6 Nd5 52. Rf3 Re1 53.
Nd4 Re4 54. Nxb5 Nxb4 55. Nc3 Rf4 56. Rg3+ Kh5 57. Ne2 Re4 58. axb4 Rxb4+ 59.
Kc3 Ra4 60. Kd2 Kh4 61. Rf3 Ra1 62. Nf4 Ra2+ 63. Ke1 Ra1+ 64. Kf2 Ra2+ 65. Kg1
Ra1+ 66. Kh2 Ra2+ 67. Ng2+ 1-0